000 00763nam a2200241Ia 4500
003 OSt
005 20220918183630.0
006 a|||||r|||| 00| 0
007 ta
008 220917b |||||||| |||| 00| 0 eng d
024 _a39,311
037 _cTextual
040 _aARTS
_cARTS
_beng
041 _2eng
_aeng
082 _aO15x, B6.1,.3
100 _aDurga Prasad Ed.
_963207
245 0 _aKavyamala
_b a collection of old and rare Sanskrit kavayas, natakas, chaupus, bhanas, prahasanas, chhandas, alankaras etc.
260 _c1886
650 _aSANSKRIT LITERATURE
700 _a Parab Kashinatha Panduranga Ed.
_963208
942 _hO15x, B6.1,.3
_cTEXL
_2CC
999 _c173249
_d173249